Statistics for Shaquille O'Neal NBA All Star Teammates

Click here to take the quiz!

General Stats

  • This quiz has been taken 263 times
  • The average score is 15 of 29

Answer Stats

ASPlayerTeamLast% Correct
18Kobe BryantLakers2016
100%
15LeBron JamesCavaliers2019
99%
13Dwyane WadeHeat2019
96%
15Kevin GarnettCeltics2013
94%
10Paul PierceCeltics2012
92%
8Steve NashSuns2012
87%
10Ray AllenCeltics2011
83%
4Penny HardawayMagic, Heat1998
77%
4Rajon RondoCeltics2013
75%
6Amar'e StoudemireSuns2011
72%
7Alonzo MourningHeat2002
62%
14Karl MaloneLakers2002
60%
9Gary PaytonLakers, Heat2003
57%
1Mo WilliamsCavaliers2009
48%
1Horace GrantMagic, Lakers1994
44%
3Eddie JonesLakers, Heat2000
38%
2Zydrunas IlgauskasCavaliers2005
38%
1A.C. GreenLakers1990
36%
1Nick Van ExelLakers1998
34%
3Glen RiceLakers1998
32%
3Antoine WalkerHeat2003
29%
7Grant HillSuns2005
26%
1Steve SmithHeat1998
18%
2Dennis RodmanLakers1992
16%
6Jermaine O'NealCeltics2007
13%
6Mitch RichmondLakers1998
13%
2Antawn JamisonCavaliers2008
11%
1Cedric CeballosLakers1995
11%
1Christian LaettnerHeat1997
3%

Score Distribution

Percentile by Number Answered

Percent of People with Each Score

Your Score History

You have not taken this quiz